| 000 | 00710nam a2200193Ii 4500 | ||
|---|---|---|---|
| 003 | JO-AjNU | ||
| 008 | 230605s9999||||xx |||||||||||||| ||und|| | ||
| 040 |
_aJO-AjNU _bara _erda _cJO-AjNU |
||
| 041 | _aara | ||
| 050 | 1 | 4 | _aLG295.J35. J35 2018 |
| 100 | 3 |
_aجامعة الحسين بن طلال, _eauthor _958359 |
|
| 245 | 0 | 0 | _aجامعة الحسين بن طلال: الكتاب السنوي 2017-2018 |
| 264 | 3 | 1 | _aمعان: جامعة الحسين بن طلال2018 |
| 300 | _a392ص | ||
| 336 |
_atext _btxt _2rdacontent |
||
| 337 |
_aunmediated _bn _2rdamedia |
||
| 338 |
_avolume _bnc _2rdacarrier |
||
| 650 | 4 |
_aالأردن - جامعات - جامعة الحسين بن طلال - الفوج 19 _958360 |
|
| 999 |
_aA26203 _c29771 _d29771 |
||